Dictionary of Insurance (Record no. 16266)
[ view plain ]
| 000 -LEADER | |
|---|---|
| fixed length control field | 00441nam a22001817a 4500 |
| 003 - CONTROL NUMBER IDENTIFIER | |
| control field | OSt |
| 005 - DATE AND TIME OF LATEST TRANSACTION | |
| control field | 20220905124843.0 |
| 008 - FIXED-LENGTH DATA ELEMENTS--GENERAL INFORMATION | |
| fixed length control field | 220831b |||||||| |||| 00| 0 eng d |
| 020 ## - INTERNATIONAL STANDARD BOOK NUMBER | |
| International Standard Book Number | 9788131308431 |
| 040 ## - CATALOGING SOURCE | |
| Transcribing agency | IFM Library |
| 082 ## - DEWEY DECIMAL CLASSIFICATION NUMBER | |
| Classification number | 368.03 |
| 100 ## - MAIN ENTRY--PERSONAL NAME | |
| Personal name | Singh,S.R |
| 245 ## - TITLE STATEMENT | |
| Title | Dictionary of Insurance |
| 260 ## - PUBLICATION, DISTRIBUTION, ETC. | |
| Place of publication, distribution, etc. | Delhi: |
| Name of publisher, distributor, etc. | Nangia, |
| Date of publication, distribution, etc. | 2013 |
| 300 ## - PHYSICAL DESCRIPTION | |
| Extent | 229p.: |
| Other physical details | ill.; 24cm |
| 650 ## - SUBJECT ADDED ENTRY--TOPICAL TERM | |
| Topical term or geographic name entry element | Dictionary of Insurance |
| 942 ## - ADDED ENTRY ELEMENTS (KOHA) | |
| Koha item type | Books |
| Source of classification or shelving scheme | Dewey Decimal Classification |
| Suppress in OPAC | No |
| Withdrawn status | Lost status | Source of classification or shelving scheme | Damaged status | Not for loan | Home library | Current library | Shelving location | Date acquired | Full call number | Barcode | Date last seen | Price effective from | Koha item type |
|---|---|---|---|---|---|---|---|---|---|---|---|---|---|
| Dewey Decimal Classification | IFM Main Campus Library | IFM Main Campus Library | Special Reserve Collection | 09/05/2022 | 368.03 SIN | 0000020745 | 08/18/2016 | 02/19/2022 | Books | ||||
| Dewey Decimal Classification | IFM Main Campus Library | IFM Main Campus Library | Special Reserve Collection | 09/05/2022 | 368.03 SIN | 0000020744 | 08/18/2016 | 02/19/2022 | Books | ||||
| Dewey Decimal Classification | IFM Main Campus Library | IFM Main Campus Library | Special Reserve Collection | 08/31/2022 | 368.03 SIN | 0000020743 | 08/18/2016 | 02/19/2022 | Books | ||||
| Dewey Decimal Classification | IFM Main Campus Library | IFM Main Campus Library | Special Reserve Collection | 09/05/2022 | 368.03 SIN | 0000020746 | 08/18/2016 | 02/19/2022 | Books |
